00759 2200265 4500001002100000005001700021008004100038020002200079035002500101040001200126082001600138084001800154100002200172245007500194260002800269300003800297500001100335504003400346650003200380700001500412850001200427990001800439990001800457990001800475INLIS00000000000542720150825102456.0  a978-602-258-099-7 a0010-051500000000560 aYOPDYOG 223a959.832 a959.832 Hel K aHELIUS Sjamsuddin aKerajaan Sintang 1822-1942c/ Helius Sjamsuddin; Penyunting, M. Nursam aYogyakartabOmbakc2013 axx, 470 hlm.b: ilus.c; 23,5 cm. aIndeks aBlibliografi : hlm. 401 - 412 aKalimantan Barat -- Sejarah aNURSAM, M. aYOPDYOG a12690-PD/B.15 a12691-PD/B.15 a12692-PD/B.15